000 01092nam a2200229Ia 4500
001 L268-21638
003 IT-CnALBA
008 170116s9999||||xx |||||||||||||| ||und||
040 _aIT-CnALBA
_cIT-CnALBA
041 _aITALIANO
100 _aRABINO T., SACERDOTE ALBESE
245 0 _aLA DOTTRINA CRISTIANA. CORSO MEDIO DI RELIGIONE. PARTE II: LA MORALE.
250 _a1a ed.
260 _a ALBA - ASTI - TO
_bLA TIPOGRAFICA
_c1926 [1° Ed.: n.d.]
300 _a26 p. (prefazione: 3)
500 _aMORALE CRISTIANA. CODICE. CONOSCENZA DI DIO. RISPETTO. SANTIFICAZIONE DELLE FESTE. I SUPERIORI. IL PROSSIMO. PERFEZIONAMENTO. VIRTÙ TEOLOGALI. VIRTÙ MORALI. LORO ESERCIZIO. LA FELICITÀ.
501 _aSocietà San Paolo EM - Piazza San Paolo, 14 - 12051 ALBA (CN) (non commercial uses only) ® Copyright 2017
520 _aMORALE CRISTIANA. CODICE. CONOSCENZA DI DIO. RISPETTO. SANTIFICAZIONE DELLE FESTE. I SUPERIORI. IL PROSSIMO. PERFEZIONAMENTO. VIRTÙ TEOLOGALI. VIRTÙ MORALI. LORO ESERCIZIO. LA FELICITÀ.
650 _aCATECHESI
942 _cBK
957 _71
999 _a26380
_bSI
_g Copie: 1
_c280742
_d280742